000 01739nam a22001937a 4500
005 20260408142657.0
008 260408b |||||||| |||| 00| 0 eng d
020 _a9789348569899
_q(hardback)
082 _a346.06648 DSO
100 _aD'Souza, Dolphy.
245 _aIndian accounting standards (Ind AS):
_bInterpretation, issues and practical applications (In 3 Volumes) along with supplement /
_cby Dolphy D'Souza, Vishal Bansal
250 _a7th
260 _aMumbai;
_bSnow White,
_c2025.
300 _aPage varies;
_c25 cm.
365 _bRs. 7995.00 (set of 3 volumes)
520 _aIndian Accounting Standards (Ind AS) by Dolphy D'Souza is a comprehensive, three-volume reference guide tailored for professionals navigating the complexities of Indian Accounting Standards. The latest edition offers extensive revisions and additions to ensure relevance and clarity in the evolving landscape of Ind AS. Key Features: As Amended by the Companies (Indian Accounting Standards) Third Amendment Rules, 2024 All chapters re-written/revised, updated for 2025 Revised Schedule Il Model financial statements and FAQ's More than 2,000 Practical Illustrations /Case studies across all Ind AS standards Complex Ind AS's (Financial Instrument, Business combination, Debt vs Equity, Revenue Recognition, Leases, Insurance Contracts) explained in a simple language Includes references to EAC opinions and ITFG/IFRIC interpretations, where necessary Detailed index facilitating easy reference Tax implications arising from Ind AS accounting This authoritative resource is ideal for accountants, auditors, regulators and students seeking a practical understanding of Ind AS.
700 _aBansal, Vishal (Author)
942 _2ddc
_cBK
999 _c217926
_d217926